A Textbook of Modern European History (Record no. 332296)

000 -LEADER
fixed length control field 00858 a2200193 4500
003 - CONTROL NUMBER IDENTIFIER
control field NUST
005 - DATE AND TIME OF LATEST TRANSACTION
control field 20171123094144.0
008 - FIXED-LENGTH DATA ELEMENTS--GENERAL INFORMATION
fixed length control field 171123b xxu||||| |||| 00| 0 eng d
020 ## - INTERNATIONAL STANDARD BOOK NUMBER
International Standard Book Number 812391492X
040 ## - CATALOGING SOURCE
Transcribing agency 0
082 ## - DEWEY DECIMAL CLASSIFICATION NUMBER
Classification number 940.076 DAY
100 ## - MAIN ENTRY--PERSONAL NAME
Personal name Dayal, Raghubir
9 (RLIN) 6693
245 ## - TITLE STATEMENT
Title A Textbook of Modern European History
Statement of responsibility, etc. Raghubir Dayal.
250 ## - EDITION STATEMENT
Edition statement 2nd ed.
260 ## - PUBLICATION, DISTRIBUTION, ETC.
Place of publication, distribution, etc. New Delhi:
Name of publisher, distributor, etc. CSB Publishers & Distributors,
Date of publication, distribution, etc. 2009.
300 ## - PHYSICAL DESCRIPTION
Extent xv, 599 p.
Dimensions 20 cm.
500 ## - GENERAL NOTE
General note Includes Index
501 ## - WITH NOTE
With note P.B
650 ## - SUBJECT ADDED ENTRY--TOPICAL TERM
Topical term or geographic name entry element 1.History, Modern--20th century--Outlines, syllabi, etc. 2.Europe--History--1789--1990--Outlines.
9 (RLIN) 6694
942 ## - ADDED ENTRY ELEMENTS (KOHA)
Koha item type Book
Call number prefix IESE
Source of classification or shelving scheme
Holdings
Withdrawn status Lost status Source of classification or shelving scheme Damaged status Not for loan Collection code Permanent Location Current Location Shelving location Date acquired Total Checkouts Full call number Barcode Date last seen Price effective from Koha item type
            Institute of Environmental Science and Engineering (IESE) Institute of Environmental Science and Engineering (IESE) General Stacks 11/23/2017   940.076 DAY IESE-2577 11/23/2017 11/23/2017 Book
            Institute of Environmental Science and Engineering (IESE) Institute of Environmental Science and Engineering (IESE) General Stacks 11/23/2017   940.076 DAY IESE-1377 11/23/2017 11/23/2017 Book
© 2023 Central Library, National University of Sciences and Technology. All Rights Reserved.